| 000 | 01545nab a22002297a 4500 | ||
|---|---|---|---|
| 999 |
_c5520 _d5520 |
||
| 003 | OSt | ||
| 005 | 20251210160517.0 | ||
| 008 | 190604e xxu||||| |||| 00| 0 spa d | ||
| 040 | _cPJ | ||
| 100 |
_aZambrano (h.), Martín _95372 |
||
| 245 | 1 | 3 |
_aSobre el Procedimiento de Mediación Prejudicial en Materia de Salud y las consecuencias en la judicialización de la salud / _cMartín Zambrano. |
| 260 |
_aCiudad Autónoma de Buenos Aires : _bThomson Reuters La Ley, _c2025. |
||
| 300 | _ap. 110-119 | ||
| 500 | _aCita Online: TR LALEY AR/DOC/2391/2025. | ||
| 505 | _aSumario: I. La irrupción del dec. 379/2025 frente al panorama desregulatorio en materia de salud.— II. Modificaciones al régimen actual.— III. Procedimiento de mediación prejudicial en materia de salud.— IV. Registro de Mediadores de PROMESA.— V. Participación estatal.— VI. Capacitaciones iniciales y permanentes.— VII. Anexos res. conjunta 1/2025.— VIII. Disp. 41/2025: pautas de actuación y requisitos para mediadores en salud.— IX. Res. 2461/2025 del Ministerio de Salud: directivas para la actuación de los abogados del Estado en el PROMESA.— X. Conclusión. | ||
| 505 | _t¿Te interesa el texto completo? Solicitalo al correo: koha@justierradelfuego.gov.ar | ||
| 650 | 0 |
_91253 _aDERECHO A LA SALUD |
|
| 650 | 0 |
_9269 _aMEDIACION |
|
| 650 | 0 |
_93273 _aMEDICINA PREPAGA |
|
| 773 | 0 |
_02714 _93171 _dCiudad Autónoma de Buenos Aires : Thomson Reuters La Ley, 2014- _tRevista anales de legislación argentina. Nº 10- Octubre 2025. |
|
| 942 |
_2udc _cANA |
||